Organización de documentos de archivo / (Registro nro. 6016)

Detalles MARC
000 -LEADER
fixed length control field 01387nam a2200313Ia 4500
003 - CONTROL NUMBER IDENTIFIER
control field OSt
005 - DATE AND TIME OF LATEST TRANSACTION
control field 20200326113355.0
008 - FIXED-LENGTH DATA ELEMENTS--GENERAL INFORMATION
fixed length control field 191128s1995 ck ao gr 001 0 spa d
020 ## - INTERNATIONAL STANDARD BOOK NUMBER
International Standard Book Number 9589298354
040 ## - CATALOGING SOURCE
Original cataloging agency CO-JMCR
Transcribing agency CO-JMCR
082 04 - DEWEY DECIMAL CLASSIFICATION NUMBER
Classification number 025.1714 /
Item number G589o
100 1# - MAIN ENTRY--PERSONAL NAME
Personal name Godoy de Lozano, Julia,
Relator term autora
9 (RLIN) 1918
245 10 - TITLE STATEMENT
Title Organización de documentos de archivo /
Statement of responsibility, etc. Julia Godoy de Lozano, Guillermo Hernandez Morales, María Imelda López Avila
260 ## - PUBLICATION, DISTRIBUTION, ETC.
Place of publication, distribution, etc. Bogotá
260 ## - PUBLICATION, DISTRIBUTION, ETC.
Name of publisher, distributor, etc. Archivo General de la Nación
260 ## - PUBLICATION, DISTRIBUTION, ETC.
Date of publication, distribution, etc. 1995
300 ## - PHYSICAL DESCRIPTION
Extent 27 páginas
300 ## - PHYSICAL DESCRIPTION
Other physical details fotografías a blanco y negro
300 ## - PHYSICAL DESCRIPTION
Dimensions 24 cm
440 ## - SERIES STATEMENT/ADDED ENTRY--TITLE
Title Mini-manual ; 1
9 (RLIN) 1919
505 ## - FORMATTED CONTENTS NOTE
Formatted contents note El archivo y la importancia de su organización -- Principios de la organización de archivos -- Estructura interna de la entidad
520 ## - SUMMARY, ETC.
Summary, etc. Uno de los grandes problemas que presentan la mayoría d elos archivos en Colombia es la desorganización de los documentos, debido a la carencia de elementos teorico-prácticos en el que hacer de los mismos.
546 ## - LANGUAGE NOTE
Language note spa
650 ## - SUBJECT ADDED ENTRY--TOPICAL TERM
Topical term or geographic name entry element Organización de archivos Administración de archivos Docuementación--
9 (RLIN) 1920
700 1# - ADDED ENTRY--PERSONAL NAME
Personal name Hernandez Morales, Guillermo,
Relator term autora
9 (RLIN) 1921
700 1# - ADDED ENTRY--PERSONAL NAME
Personal name López Avila, María Imelda.
Relator term autora
9 (RLIN) 1922
799 ## - LOCAL ADDED ENTRY--UNIFORM TITLE (RLIN)
Uniform title Hernandez Morales, Guillermo, autor ; López Avila, María Imelda, autora
942 ## - ADDED ENTRY ELEMENTS (KOHA)
Source of classification or shelving scheme Dewey Decimal Classification
Koha item type Books
Existencias
Withdrawn status Lost status Source of classification or shelving scheme Materials specified (bound volume or other part) Damaged status Not for loan Home library Current library Date acquired Source of acquisition Cost, normal purchase price Total Checkouts Full call number Barcode Date last seen Date last checked out Copy number Price effective from Koha item type
    Dewey Decimal Classification Donación--01/07/2004--     Biblioteca Pública José María del Castillo y Rada Biblioteca Pública José María del Castillo y Rada 11/28/2019 Donación 0.00 1 025.1714 / G589o 430011380 05/16/2024 01/30/2024 Ej.1 11/28/2019 Books